Fr. Conceicao Rodrigues College of Engineering

Computer literacy (Record no. 29595)

MARC details
000 -LEADER
fixed length control field 00288nam a2200133Ia 4500
100 ## - MAIN ENTRY--PERSONAL NAME
Personal name Horn/ C.E./ Poirot/ J.L.
245 ## - TITLE STATEMENT
Title Computer literacy
260 ## - PUBLICATION, DISTRIBUTION, ETC.
Name of publisher, distributor, etc. Tata Mc Graw hill
Place of publication, distribution, etc. New Delhi
Date of publication, distribution, etc. 1987
300 ## - PHYSICAL DESCRIPTION
Extent 486
546 ## - LANGUAGE NOTE
Language note ENGLISH
654 ## - SUBJECT ADDED ENTRY--FACETED TOPICAL TERMS
Focus term Computer
942 ## - ADDED ENTRY ELEMENTS (KOHA)
Koha item type BOOK
Holdings
Withdrawn status Lost status Damaged status Not for loan Collection Home library Current library Date acquired Source of acquisition Cost, normal purchase price Total Checkouts Full call number Barcode Date last seen Cost, replacement price Price effective from Koha item type
        CRC Fr. Agnel's C.Rodrigues College of Engineering Fr. Agnel's C.Rodrigues College of Engineering 17/03/2023 Jay book house 30.00   3910 17/03/2023 30.00 17/03/2023 BOOK